000
00302nam a22001097a 4500
040
_c
SK
082
_a
301
100
_a
វ៉ាន់ឌី កាអុន
245
_a
បញ្ហាវប្បធម៌ និងអារ្យធម៌
260
_a
RUA
_b
វ៉ាន់ឌី
_c
NA
942
_c
KB
999
_c
8552
_d
8552